00576nam a2200121 a 450000100100000000500170001000800410002704000250006811101160009324501530020926000710036230000210043300004302920201002040603.0140218s1983 dr 000 0 spa d aDO-SdBNPbspacBNPHU2 aConferencia internacional sobre la anticoncepción quirurgica voluntarian(5:d1983: 5-8 dic.cSanto Domingo )10aAtención de las necesidades del decenio de 1980 :bInforme de la quinta conferencia internacional sobre la anticoncepción quirurgica voluntaria. aSanto Domingo :bFederación Mundial de Agencias de Salud,c1983. a153 p. ;c24 cm.